MARC

LEADER 00000nam^a2200000^a^4500
001 000175042
005 20250521000000.0
009 20260310101550.727
020 |a 970-624-362-3 
037 |a Acervo ITESO - Biblioteca 
041 |a ESP 
082 |a 780. 9723506  |b CAR 
100 |a Carvajal Heredia, Miguel  |e (autor) 
245 1 0 |a Música y tradición desde 1928 :  |b Banda Municipal de Música El Grullo, Jalisco /  |c M. Carvajal Heredia. 
264 4 |a Guadalajara, México :  |b Gobierno del Estado de Jalisco, Secretaría de Cultura,  |c 2004, c2004 
300 |a 131 p. 
336 |a texto  |b txt  |2 rdacontenido 
337 |a sin mediación  |b n  |2 rdamedio 
338 |a volumen  |b nc  |2 rdasoporte 
440 1 |a (Voz de la Tierra) 
649 |a XX 
650 |a Música Militar -  |z El Grullo, Jalisco -  |x Historia y Crítica 
650 |a Música Militar -  |x Historia y Crítica 
650 |a Música Popular -  |z El Grullo, Jalisco -  |x Historia y Crítica 
650 |a Música Popular -  |x Historia y Crítica 
650 |a Música Folklórica -  |z El Grullo, Jalisco -  |x Historia y Crítica 
650 |a Música Folklórica -  |x Historia y Crítica 
650 |a Música Jalisciense -  |x Historia y Crítica 
650 |a Música Jalisciense -  |y Siglo XX 
650 |a Música Mexicana -  |x Historia y Crítica 
650 |a Música Mexicana -  |y Siglo XX 
650 |a Folklore -  |z El Grullo, Jalisco -  |x Historia 
650 |a Folklore -  |z México -  |x Historia 
650 |a Prácticas Culturales -  |z El Grullo, Jalisco -  |x Historia 
650 |a Prácticas Culturales -  |z México -  |x Historia 
650 |a Música y Sociedad -  |z El Grullo, Jalisco -  |x Historia y Crítica 
650 |a Música y Sociedad -  |x Historia y Crítica 
910 |a Fondo General 
920 |a Impresos - Libros 
930 |a Colección General 
905 |a 101 
901 |a 0500113227  |b IT1  |c ACC  |u 20250521 
902 |a https://opac.biblio.iteso.mx/vufind/Record/000175042